Managing information systems : (Record no. 3349)

000 -LEADER
fixed length control field nam a22 a 4500
005 - DATE AND TIME OF LATEST TRANSACTION
control field 20170522121009.0
008 - FIXED-LENGTH DATA ELEMENTS--GENERAL INFORMATION
fixed length control field 170522b1984 -us||||| |||| 00| 0 eng d
020 ## - INTERNATIONAL STANDARD BOOK NUMBER
International Standard Book Number 0931816327 (pbk.)
040 ## - CATALOGING SOURCE
Original cataloging agency AKMAL
082 04 - DEWEY DECIMAL CLASSIFICATION NUMBER
Classification number 658.4038 HUR
090 ## - LOCALLY ASSIGNED LC-TYPE CALL NUMBER (OCLC); LOCAL CALL NUMBER (RLIN)
Classification number (OCLC) (R) ; Classification number, CALL (RLIN) (NR) 658.4038
Local cutter number (OCLC) ; Book number/undivided call number, CALL (RLIN) HUR
100 1# - MAIN ENTRY--PERSONAL NAME
Personal name Hurtubise, Rolland A.
9 (RLIN) 6789
245 00 - TITLE STATEMENT
Title Managing information systems :
Remainder of title concepts and tools
Statement of responsibility, etc. Rolland Hurtubise.
260 ## - PUBLICATION, DISTRIBUTION, ETC.
Place of publication, distribution, etc. West Hartford, Conn. :
Name of publisher, distributor, etc. Kumarian Press
Date of publication, distribution, etc. c1984.
300 ## - PHYSICAL DESCRIPTION
Dimensions cm
650 #0 - SUBJECT ADDED ENTRY--TOPICAL TERM
Topical term or geographic name entry element Management information systems.
9 (RLIN) 729
852 41 - LOCATION
Location British Library
Sublocation or collection DSC
942 ## - ADDED ENTRY ELEMENTS (KOHA)
Source of classification or shelving scheme
Koha item type Book
Holdings
Withdrawn status Lost status Source of classification or shelving scheme Damaged status Not for loan Collection code Home library Current library Shelving location Date acquired Inventory number Full call number Barcode Date last seen Price effective from Koha item type Public note
          NON-FICTION AKMAL Melaka AKMAL Melaka PINJAMAN 22.05.2017 601271 658.4038 HUR 201704311 22.05.2017 22.05.2017 Book Dilupuskan. No. Fail. ARKIBMLK.600-6/9/1 Jld.8 ( )
Pusat Sumber Maklumat Dato' Haji Sarmin Md Hussin, Akademi Kastam Diraja Malaysia, Melaka
Tel: 06-2331106 | Faks: 06-2313787